The little engine that could saves the day / (Record no. 2232)

MARC details
000 -LEADER
fixed length control field 01183cam a22003613a 4500
001 - CONTROL NUMBER
control field 2232
003 - CONTROL NUMBER IDENTIFIER
control field FISKH
005 - DATE AND TIME OF LATEST TRANSACTION
control field 20231113105430.0
008 - FIXED-LENGTH DATA ELEMENTS--GENERAL INFORMATION
fixed length control field 030304s2003 nyua j 000 1 eng d
010 ## - LIBRARY OF CONGRESS CONTROL NUMBER
LC control number 2003103416
020 ## - INTERNATIONAL STANDARD BOOK NUMBER
International Standard Book Number 0448431815
020 ## - INTERNATIONAL STANDARD BOOK NUMBER
International Standard Book Number 9780448420615
035 ## - SYSTEM CONTROL NUMBER
System control number (OCoLC)ocm52635314
040 ## - CATALOGING SOURCE
Original cataloging agency IMF
Transcribing agency IMF
Modifying agency OCLCQ
-- BAKER
-- JP3
-- DLC
Language of cataloging eng
050 00 - LIBRARY OF CONGRESS CALL NUMBER
Classification number MLCS 2006/42431
082 ## - DEWEY DECIMAL CLASSIFICATION NUMBER
Classification number PZ7.P64
100 ## - MAIN ENTRY--PERSONAL NAME
Personal name Lewison, Wendy Cheyette
245 04 - TITLE STATEMENT
Title The little engine that could saves the day /
Statement of responsibility, etc. Adapted by Wendy Cheyette Lewison ; illustrated by Cristina Ong
246 3# - VARYING FORM OF TITLE
Title proper/short title Saves the day
260 ## - PUBLICATION, DISTRIBUTION, ETC.
Place of publication, distribution, etc. New York :
Name of publisher, distributor, etc. Platt & Munk, Publishers,
Date of publication, distribution, etc. 1968.
300 ## - PHYSICAL DESCRIPTION
Extent 10 unnumbered pages :
Other physical details color illustrations ;
Dimensions 20 cm
440 #0 - SERIES STATEMENT/ADDED ENTRY--TITLE
Title The little engine that could
500 ## - GENERAL NOTE
General note Board books.
505 ## - FORMATTED CONTENTS NOTE
Formatted contents note A<br/>
520 ## - SUMMARY, ETC.
Summary, etc. Enjoy the classic story of the Little Engine That Could, retold for young children.
521 8# - TARGET AUDIENCE NOTE
Target audience note 10<br/>
Source Lexile<br/>
521 8# - TARGET AUDIENCE NOTE
Target audience note A<br/>
Source Raz-Plus<br/>
650 #1 - SUBJECT ADDED ENTRY--TOPICAL TERM
Topical term or geographic name entry element Locomotives
Form subdivision Fiction.
650 #1 - SUBJECT ADDED ENTRY--TOPICAL TERM
Topical term or geographic name entry element Toys
Form subdivision Fiction.
700 1# - ADDED ENTRY--PERSONAL NAME
Personal name Ong, Cristina,
Relator term illustrator
906 ## - LOCAL DATA ELEMENT F, LDF (RLIN)
a 7
b cbc
c copycat
d 2
e epcn
f 20
g y-gencatlg
942 ## - ADDED ENTRY ELEMENTS (KOHA)
Source of classification or shelving scheme Dewey Decimal Classification
Koha item type Books
Suppress in OPAC No
Holdings
Withdrawn status Lost status Source of classification or shelving scheme Damaged status Not for loan Collection Home library Current library Shelving location Date acquired Total Checkouts Full call number Barcode Date last seen Price effective from Koha item type
    Dewey Decimal Classification     Juvenile Fiction Footprints International School Library Network Toul Kork Campus Footprints International School Library Network Toul Kork Campus TK Primary Library Room(4th Floor), Bookcase 7, Shelves 57-60, Dark Green Books 11/13/2023   LEW 813 PZ7.P64 FISBK057061 11/13/2023 11/13/2023 Books